Top10 Madeira

Bibliographic Details
Other Authors: Hendrychová, Lenka (Translator)
Format: Book
Language:Czech
English
PhysicalDescription:128 strán farebné fotografie, mapy, plány 19 cm 1 mapa (28 x 32 cm zložená na 14 x 9 cm)
Published: [Brno] Lingea 2024
ISBN:9788075089434
Edition:1. vydání
Series:TOP 10
Subjects:

MARC

LEADER 00000cam a2200000 4500
001 vtls012260884
003 SK-MaSNL
005 20260302025815.0
008 240723s2024 xr oabeg 001 0 cze
020 |a 9788075089434  |q (brožované) 
040 |a SNK  |b slo  |c SNK  |e rda 
041 1 |a cze  |h eng 
043 |a e-po--- 
044 |a xr  |c CZ 
072 7 |a 91  |x Geografia ako veda. Výskum. Cestovanie  |2 konspekt 
080 |a 91  |2 2011 
080 |a 910.4  |2 2011 
080 |a (469)  |2 2011 
080 |a (036)913  |2 2011 
130 0 |a Top10 Madeira  |l Česky  |9 675619 
245 1 0 |a Top10 Madeira  |c překlad : Lenka Hendrychová ; připraveno z anglického originálu ... TOP10 Madeira 
246 3 0 |a Madeira 
246 1 |a Madeira - top 10 
246 1 |i Obálkový podnázov:  |a Výběr 10 nej pro každou příležitost 
250 |a 1. vydání 
264 1 |a [Brno]  |b Lingea  |c 2024 
300 |a 128 strán  |b farebné fotografie, mapy, plány  |c 19 cm  |e 1 mapa (28 x 32 cm zložená na 14 x 9 cm) 
336 |a text  |b txt  |2 rdacontent 
336 |a statický obraz  |b sti  |2 rdacontent 
337 |a bez média  |b n  |2 rdamedia 
338 |a zväzok  |b nc  |2 rdacarrier 
338 |a list  |b nb  |2 rdacarrier 
490 1 |a TOP 10 
500 |a Mapa uložená v plastovej záložke na zadnej obálke 
500 |a Obsahuje slovníček 
500 |a Preložené z angličtiny 
500 |a Údaj o mieste vydania zistený z externých zdrojov 
504 |a Obsahuje register [všeobecný] a register vybraných miest 
650 0 7 |a geografia  |2 SNKPH  |9 823 
650 0 7 |a cestovanie  |2 SNKPH  |9 18846 
650 0 7 |a Geography  |2 SNKPHeng  |9 265075 
650 0 7 |a Travelling  |2 SNKPHeng  |9 274118 
651 7 |a Portugalsko  |2 SNKPHgeo  |9 56313 
651 7 |a Portugal  |2 SNKPHeng  |9 332470 
655 7 |a turistickí sprievodcovia (publikácie)  |2 SNKPH  |9 191298 
655 7 |a Tourist guidebooks  |2 SNKPHeng  |9 291226 
700 1 |a Hendrychová, Lenka  |4 trl  |9 675620 
830 0 |a TOP 10  |9 511853 
852 |a Slovenská národná knižnica 
919 |a 978-80-7508-943-4 
958 |a OP 
968 |b ENG 
999 |c 1045401  |d 1047331 
952 |a SNK  |b SNK  |y NEVYP  |7 1  |p 17A1578016  |o snkID 102581  |i snk2026/343  |8 4  |g 12.67  |3 Dokument obsahuje prílohu - mapu uloženú v plastovej záložke na zadnej obálke  |0 0  |1 0  |4 0  |d 2024-10-16  |l 0  |r 2026-02-24 14:37:40  |w 2026-02-24 
952 |a SNK  |b SNK  |y NEVYP  |7 1  |p 17A1578017  |o snkID 102581/príl.  |i snk2026/343  |8 4  |z Príloha - Mapa uložená v plastovej záložke na zadnej obálke (28 x 32 cm zložená na 14 x 9 cm)) ;   |0 0  |1 0  |4 0  |d 2024-10-16  |l 0  |r 2026-02-24 14:37:40  |w 2026-02-24